Etnia y sociedad /
Guardat en:
| Autors principals: | , |
|---|---|
| Format: | Desconegut |
| Idioma: | Spanish |
| Publicat: |
España :
Editorial de Ciencias Sociales, La Habana,
1993.
|
| Matèries: | |
| Etiquetes: |
Afegir etiqueta
Sense etiquetes, Sigues el primer a etiquetar aquest registre!
|
MARC
| LEADER | 000000000a22000000004500 | ||
|---|---|---|---|
| 001 | 012521 | ||
| 020 | |a 8459933377 | ||
| 041 | 0 | |a spa | |
| 082 | 0 | 4 | |a 305.8 |b O77e |
| 100 | 1 | |a Ortiz, Fernando, |d 1881-1969 | |
| 100 | 1 | |a Barreal, Isaac | |
| 245 | 1 | 0 | |a Etnia y sociedad / |c Fernando Ortiz, Isaac Barreal. |
| 260 | 1 | |a España : |b Editorial de Ciencias Sociales, La Habana, |c 1993. | |
| 300 | |a 287 páginas | ||
| 500 | |a Material disponible en BCMA | ||
| 650 | 4 | |a ETNOLOGIA | |
| 650 | 4 | |a ANTROPOLOGIA SOCIAL | |
| 650 | 4 | |a CUBA | |
| 650 | 4 | |a INDIOS CUBANOS | |
| 650 | 4 | |a CULTURA | |
| 500 | |a Colección George Yúdice | ||
| 999 | |c 18482 |d 18482 | ||
| 942 | |c BK |h 305.8 O77e |2 z | ||



